Film d'animazione DreamWorks - Statistics

Statistiche generali
  • Questo quiz è stato fatto 5.784 volte
    863 dall'ultimo reset
  • Il punteggio medio è 20 su 52
Statistiche sulle risposte
Anno Film % Corretto
2001 Shrek
94%
2007 Shrek terzo
92%
2004 Shrek 2
91%
2010 Shrek e vissero felici e contenti
89%
2008 Kung Fu Panda
59%
2011 Kung Fu Panda 2
58%
2016 Kung Fu Panda 3
58%
2010 Dragon Trainer
57%
2014 Dragon Trainer 2
56%
2024 Kung Fu Panda 4
56%
2005 Madagascar
56%
2019 Dragon Trainer - Il mondo nascosto
55%
2008 Madagascar 2
55%
2012 Madagascar 3 - ricercati in Europa
55%
2011 Il gatto con gli stivali
50%
2022 Il gatto con gli stivali 2 - L'ultimo desiderio
48%
2002 Spirit - Cavallo selvaggio
38%
2021 Spirit - il ribelle
38%
1998 Z la Formica
37%
1998 Il Principe d'Egitto
34%
2004 Shark Tale
34%
2014 I Pinguini di Madagascar
33%
2007 Bee Movie
32%
2012 Le 5 leggende
31%
2013 I Croods
30%
2020 I Croods 2
30%
2010 Megamind
30%
2016 Trolls
29%
2017 Baby Boss
28%
2000 Galline in fuga
28%
2006 Giù per il tubo
28%
2006 La gang del bosco
28%
2000 La strada per El Dorado
28%
2009 Mostri contro Alieni
28%
2023 Trolls 3
28%
2020 Trolls World Tour
28%
2000 Giuseppe re dei sogni
27%
2021 Baby Boss 2
26%
2013 Turbo
25%
2003 Sinbad - La leggenda dei sette mari
24%
2024 Il Robot Selvaggio
22%
2022 Troppo Cattivi
22%
2025 Troppo Cattivi 2
22%
2005 Wallace & Gromit: La maledizione del coniglio mannaro
21%
2015 Home - A casa
20%
2017 Capitan Mutanda - Il film
17%
2014 Mr. Peabody e Sherman
16%
2019 Il Piccolo Yeti
15%
2024 Orion e il Buio
15%
2025 Dog man
14%
2023 Ruby Gillman - La ragazza con i tentacoli
14%
2025 La casa delle bambole di Gabby
11%
Nessun quiz corrispondente trovato
Distribuzione punteggi
Percentuale di utenti per punteggio
Percentile per numero di risposta
I tuoi punteggi nel tempo
Non hai fatto questo quiz dall'ultimo reset